Países que hacen frontera con miembros de la Unión Europea - Estadísticas

Estadísticas generales
  • Esta prueba ha sido intentada 29 veces
    15 desde el último reinicio
  • La puntuación promedio es 17 de 21
Estadísticas de respuestas
Países % Correcto
Bielorrusia
100%
Rusia
100%
Turquía
100%
Noruega
92%
Reino Unido
92%
Serbia
92%
Suiza
92%
. Albania
85%
Bosnia y Herzegovina
85%
Macedonia del Norte
85%
Marruecos
85%
Andorra
77%
Ciudad del Vaticano
77%
Liechtenstein
77%
Moldavia
77%
Mónaco
77%
San Marino
77%
Ucrania
77%
Brasil
69%
Montenegro
69%
Surinam
62%
No se encontraron pruebas coincidentes
Distribución de puntuación
Porcentaje de gente con cada puntuación
Porcentaje por número respondido
Historial de tus puntuaciones
No has intentado esta prueba desde el último reinicio